[Event "Online Olym Div3 A"]
[Site "Chess.com INT"]
[Date "2020.08.07"]
[Round "3.1"]
[White "Kanyamarala, Tarun"]
[Black "Cuttoli, Alexandre"]
[Result "1-0"]
[WhiteElo "2381"]
[BlackElo "2044"]
[PlyCount "59"]
[EventDate "2020.08.07"]
[EventType "team-tourn (rapid)"]
[EventRounds "9"]
[EventCountry "USA"]
[SourceTitle "CBM 198"]
[Source "ChessBase"]
[SourceDate "2020.10.31"]
[SourceVersion "1"]
[SourceVersionDate "2020.10.31"]
[SourceQuality "1"]
[WhiteTeam "Ireland"]
[BlackTeam "Monaco"]
[WhiteTeamCountry "IRL"]
[BlackTeamCountry "MNC"]

1. c4 Nf6 2. Nf3 g6 3. g3 Bg7 4. b3 0-0 5. Bb2 d6 6. d4 c5 7. Bg2 Nbd7 8. 0-0 Rb8 9. dxc5 Nxc5 10. Nd4 a6 11. Nc3 Ne6 12. Nc2 b5 13. cxb5 axb5 14. Nb4 Bd7 15. Qd2 Qa5 16. a3 Rfc8 17. Rfc1 Nc5 18. Qd1 Nfe4 19. Nbd5 Nxc3 20. Bxc3 Bxc3 21. Rxc3 Qd8 22. Rac1 e6 23. Nb4 Qe7 24. h4 h5 25. R1c2 Be8 26. Qd4 Bd7 27. Rd2 d5 28. Bxd5 exd5 29. Nxd5 Qf8 30. Nf6+ 1-0

[Event "Online Olym Div3 A"]
[Site "Chess.com INT"]
[Date "2020.08.07"]
[Round "1.1"]
[White "Lee, Qing Aun"]
[Black "Cuttoli, Alexandre"]
[Result "1-0"]
[WhiteElo "2262"]
[BlackElo "2044"]
[PlyCount "41"]
[EventDate "2020.08.07"]
[EventType "team-tourn (rapid)"]
[EventRounds "9"]
[EventCountry "USA"]
[SourceTitle "CBM 198"]
[Source "ChessBase"]
[SourceDate "2020.10.31"]
[SourceVersion "1"]
[SourceVersionDate "2020.10.31"]
[SourceQuality "1"]
[WhiteTeam "Singapore"]
[BlackTeam "Monaco"]
[WhiteTeamCountry "SIN"]
[BlackTeamCountry "MNC"]

1. e4 e5 2. Nf3 Nc6 3. Bb5 a6 4. Ba4 Nf6 5. 0-0 b5 6. Bb3 Bc5 7. c3 d6 8. d4 Bb6 9. Be3 Bg4 10. Nbd2 exd4 11. cxd4 Nxd4 12. Bxd4 Bxd4 13. Bxf7+ Kxf7 14. Qb3+ Kg6 15. Nxd4 Re8 16. h3 Bd7 17. Rfe1 c5 18. Nf5 Nxe4 19. Nxe4 Bxf5 20. Qg3+ Kf7 21. Nxd6+ 1-0

[Event "Monaco Sulava Memorial 1st"]
[Site "Monte Carlo"]
[Date "2019.11.29"]
[Round "1"]
[White "Cornette, Matthieu"]
[Black "Cuttoli, Alexandre"]
[Result "1-0"]
[WhiteElo "2482"]
[BlackElo "1962"]
[PlyCount "73"]
[EventDate "2019.11.29"]
[EventType "swiss"]
[EventRounds "9"]
[EventCountry "MNC"]
[SourceTitle "CBM 193 Extra"]
[Source "ChessBase"]
[SourceDate "2020.01.31"]
[SourceVersion "1"]
[SourceVersionDate "2020.01.31"]
[SourceQuality "1"]

1. e4 e5 2. Nf3 Nc6 3. Bb5 a6 4. Ba4 Nf6 5. Nc3 b5 6. Bb3 Bc5 7. d3 h6 8. Nd5 d6 9. c3 Bg4 10. h3 Bh5 11. Nxf6+ gxf6 12. Bd5 Qd7 13. b4 Bb6 14. a4 Rd8 15. axb5 axb5 16. g4 Bg6 17. Be3 Bxe3 18. fxe3 h5 19. Nh4 hxg4 20. hxg4 Ne7 21. Qf3 Nxd5 22. exd5 Qe7 23. e4 f5 24. Nxf5 Rxh1+ 25. Qxh1 Qg5 26. Qf3 Kd7 27. Ke2 Rh8 28. Rf1 Rh7 29. Ne3 Rh2+ 30. Rf2 Rh4 31. Qf6 Qxf6 32. Rxf6 Ke7 33. Rf2 Rh8 34. Rf1 Ra8 35. Rc1 Kf6 36. c4 bxc4 37. Rxc4 1-0

[Event "EU-ch U12 27th"]
[Site "Mamaia"]
[Date "2017.09.14"]
[Round "9"]
[White "Cuttoli, Alexandre"]
[Black "Hoffmann, Yair"]
[Result "0-1"]
[WhiteElo "1770"]
[BlackElo "2010"]
[PlyCount "116"]
[EventDate "2017.09.05"]
[EventType "swiss"]
[EventRounds "9"]
[EventCountry "ROU"]
[SourceTitle "EXT 2018"]
[Source "ChessBase"]
[SourceDate "2017.10.13"]
[SourceVersion "1"]
[SourceVersionDate "2017.10.13"]
[SourceQuality "1"]

1. Nf3 Nf6 2. g3 d5 3. Bg2 c6 4. 0-0 Bf5 5. c4 e6 6. cxd5 cxd5 7. d3 Nc6 8. Qb3 Qd7 9. Bd2 Be7 10. Nc3 0-0 11. Rac1 Rac8 12. a3 h6 13. Rfd1 Bg4 14. Qa2 Bxf3 15. Bxf3 Nd4 16. Kg2 a6 17. b4 b5 18. Qb2 Nxf3 19. exf3 Qb7 20. Ne2 Rfd8 21. Nd4 Nd7 22. f4 Bf6 23. Be3 e5 24. fxe5 Nxe5 25. Rxc8 Rxc8 26. f4 Nc6 27. Qf2 Nxd4 28. Bxd4 Bxd4 29. Qxd4 Rc2+ 30. Kf3 Rxh2 31. Rc1 Qe7 32. Qe5 Qxe5 33. fxe5 Ra2 34. Rc3 d4 35. Rb3 f5 36. exf6 gxf6 37. Ke4 Rg2 38. Kxd4 Rxg3 39. Rc3 h5 40. Rc1 h4 41. Rh1 h3 42. Rh2 Kf7 43. Ke4 Ke6 44. Rc2 Rg4+ 45. Kf3 Rh4 46. Rh2 Kd5 47. Kg3 Rh8 48. Kf2 Kd4 49. Kg1 Kxd3 50. Rf2 h2+ 51. Kh1 Rh6 52. Rf5 Kc4 53. Rf4+ Kb3 54. Rf3+ Kb2 55. Re3 f5 56. Rf3 Rf6 57. Kxh2 Rc6 58. Rxf5 Kxa3 0-1

[Event "EU-ch U12 27th"]
[Site "Mamaia"]
[Date "2017.09.09"]
[Round "5"]
[White "Debucke, Jolan"]
[Black "Cuttoli, Alexandre"]
[Result "0-1"]
[WhiteElo "1481"]
[BlackElo "1770"]
[PlyCount "46"]
[EventDate "2017.09.05"]
[EventType "swiss"]
[EventRounds "9"]
[EventCountry "ROU"]
[SourceTitle "EXT 2018"]
[Source "ChessBase"]
[SourceDate "2017.10.13"]
[SourceVersion "1"]
[SourceVersionDate "2017.10.13"]
[SourceQuality "1"]

1. e4 d6 2. d4 Nf6 3. Nc3 g6 4. f4 Bg7 5. h3 0-0 6. Nf3 c5 7. Be3 Nbd7 8. Be2 cxd4 9. Bxd4 e5 10. fxe5 dxe5 11. Bxe5 Nxe5 12. Nxe5 Nxe4 13. Nxe4 Qh4+ 14. Nf2 Bxe5 15. Qd3 Qb4+ 16. Qd2 Qxb2 17. Nd1 Qxa1 18. c3 Bg3+ 19. Kf1 Qb1 20. Qe3 Qf5+ 21. Kg1 Bc7 22. Qc1 Bb6+ 23. Kh2 Qe5+ 0-1

[Event "EU-ch U12 27th"]
[Site "Mamaia"]
[Date "2017.09.08"]
[Round "4"]
[White "Cuttoli, Alexandre"]
[Black "Rata, Andrei"]
[Result "1-0"]
[WhiteElo "1770"]
[BlackElo "1529"]
[PlyCount "51"]
[EventDate "2017.09.05"]
[EventType "swiss"]
[EventRounds "9"]
[EventCountry "ROU"]
[SourceTitle "CBM 180 Extra"]
[Source "ChessBase"]
[SourceDate "2017.10.06"]
[SourceVersion "1"]
[SourceVersionDate "2017.10.06"]
[SourceQuality "1"]

1. Nf3 c5 2. g3 d6 3. Bg2 Nf6 4. 0-0 Nc6 5. c4 Bd7 6. Nc3 Qc8 7. b3 Bh3 8. Bb2 h5 9. Nd5 Bxg2 10. Kxg2 Rg8 11. d4 b6 12. Re1 Nxd5 13. cxd5 Nb4 14. e4 g5 15. a3 Na6 16. e5 Qd7 17. e6 fxe6 18. dxe6 Qb7 19. Kg1 h4 20. Qd3 hxg3 21. fxg3 Nc7 22. Qf5 Nxe6 23. Qxe6 Rg7 24. d5 Rf7 25. Nxg5 Qa6 26. Qxf7+ 1-0

[Event "EU-ch U12 27th"]
[Site "Mamaia"]
[Date "2017.09.05"]
[Round "1"]
[White "Suleymanli, Aydin Elshan"]
[Black "Cuttoli, Alexandre"]
[Result "1-0"]
[WhiteElo "2351"]
[BlackElo "1770"]
[PlyCount "53"]
[EventDate "2017.09.05"]
[EventType "swiss"]
[EventRounds "9"]
[EventCountry "ROU"]
[SourceTitle "CBM 180 Extra"]
[Source "ChessBase"]
[SourceDate "2017.10.06"]
[SourceVersion "1"]
[SourceVersionDate "2017.10.06"]
[SourceQuality "1"]

1. d4 Nf6 2. c4 g6 3. Nc3 Bg7 4. e4 d6 5. f4 0-0 6. Nf3 Na6 7. Be2 e5 8. fxe5 dxe5 9. d5 Nc5 10. Bg5 a5 11. Nd2 c6 12. 0-0 h6 13. Be3 Qe7 14. Kh1 Rd8 15. a3 Bd7 16. b4 axb4 17. axb4 Na6 18. Rb1 Nxb4 19. Bb6 c5 20. Nb3 Na6 21. Bxd8 Qxd8 22. Qe1 Nh5 23. Bxh5 gxh5 24. Qf2 f5 25. exf5 Qg5 26. Ne4 Qf4 27. Qe1 1-0

[Event "EU-ch U12 26th"]
[Site "Prague"]
[Date "2016.08.19"]
[Round "2"]
[White "Redzisz, Michal"]
[Black "Cuttoli, Alexandre"]
[Result "1-0"]
[WhiteElo "1834"]
[BlackElo "1618"]
[PlyCount "99"]
[EventDate "2016.08.18"]
[EventType "swiss"]
[EventRounds "9"]
[EventCountry "CZE"]
[SourceTitle "CBM 174 Extra"]
[Source "ChessBase"]
[SourceDate "2016.10.10"]
[SourceVersion "1"]
[SourceVersionDate "2016.10.10"]
[SourceQuality "1"]

1. e4 c5 2. Nf3 Nc6 3. Bb5 e6 4. 0-0 Nge7 5. Re1 a6 6. Bxc6 Nxc6 7. Nc3 Be7 8. d4 cxd4 9. Nxd4 0-0 10. Nxc6 bxc6 11. Qh5 h6 12. Bd2 d5 13. e5 Bg5 14. f4 Be7 15. Kh1 Qb6 16. Rab1 c5 17. Re3 d4 18. Rg3 Kh8 19. Ne4 g6 20. Qg4 Bb7 21. Nf6 Kg7 22. Nd7 Qc6 23. Nxf8 Bxf8 24. Qf3 Qd7 25. Qd3 Rc8 26. c4 Rb8 27. b3 Bc6 28. Rh3 Kh7 29. Kg1 Qb7 30. Qe2 Ra8 31. Rg3 Be4 32. Rc1 Bf5 33. h3 Be7 34. Rf3 Be4 35. Rff1 Bh4 36. Be1 Be7 37. Qd2 Kg7 38. Kh2 d3 39. Rg1 Qc7 40. Qe3 Qc6 41. Bd2 f5 42. exf6+ Bxf6 43. Rce1 Bf5 44. Rgf1 e5 45. fxe5 Bg5 46. Qf2 Be7 47. Qf3 Qc7 48. Qg3 Be6 49. Rf6 Bf7 50. Rxf7+ 1-0